| 000 | 00997cam a2200289 a 4500 | ||
|---|---|---|---|
| 001 | 000011625 | ||
| 005 | 20200929162515.0 | ||
| 008 | 780607s1972 sp 000 0 spa d | ||
| 040 |
_aDO-SdBNP _cDLC _dDLC |
||
| 041 | 1 | 7 |
_aspa _heng _2Codigo de idioma Marc |
| 082 |
_a840.9 _bP515q |
||
| 100 | 1 |
_aPeyre, Henri, _d1901-1988 _927517 |
|
| 240 | 1 | 0 |
_aQu'est-ce que le romantisme?. _lEspañol |
| 245 | 1 | 0 |
_aQué es verdaderamente el romanticismo / _cH. Peyre ; traducción al castellano de Marcial Suárez. |
| 260 |
_aMadrid : _bDoncel, _c1972. |
||
| 300 |
_a281 p. ; _c18 cm. |
||
| 490 | 1 |
_aQué es verdaderamente _v19 |
|
| 534 |
_aTítulo original: _tQu'est-ce que le romanticisme |
||
| 504 | _aBibliografía: p. 261 -266. | ||
| 650 | 4 |
_aRomanticismo _98740 |
|
| 650 | 4 |
_aLiteratura francesa _xHistoria y crítica _927518 |
|
| 700 | 1 |
_aSuárez, Marcial, _etr. _921749 |
|
| 830 | 0 |
_aQué es verdaderamente ; _v19 _917012 |
|
| 910 | _aCatalogación derivada / LC | ||
| 910 | _aWM | ||
| 049 | _aBNGR | ||
| 999 |
_c11318 _d11318 |
||